El departamento de ciencias del derecho y la reestructuración de 1974.
Guardat en:
| Autor principal: | |
|---|---|
| Format: | Llibre |
| Publicat: |
Santiago, Chile:
Jurídica de Chile; Universidad de Chile,
1975.
|
| Matèries: | |
| Etiquetes: |
Afegir etiqueta
Sense etiquetes, Sigues el primer a etiquetar aquest registre!
|
MARC
| LEADER | 00000nam a22000007a 4500 | ||
|---|---|---|---|
| 003 | CL-VaPUC | ||
| 005 | 20220822114715.0 | ||
| 008 | 220725t1975 ||||| |||| 00| 0 eng d | ||
| 999 | |c 437484 |d 437482 | ||
| 040 | |c Pontificia Universidad Católica de Valparaíso | ||
| 082 | 7 | |a 340.071183 AMU 1975 |2 22 | |
| 100 | 1 | |a Amunátegui Mönckeberg, Miguel Luis |e autor |9 873793 | |
| 245 | |a El departamento de ciencias del derecho y la reestructuración de 1974. | ||
| 260 | |a Santiago, Chile: |b Jurídica de Chile; |b Universidad de Chile, |c 1975. | ||
| 300 | |a 194 páginas. | ||
| 500 | |a c.1 Donación Familia Prof. Alejandro Guzmán Brito. | ||
| 583 | |c 20220725 |k Catalogador Asistente | ||
| 610 | |a Universidad de Chile Departamento de Ciencias del Derecho |2 Departamento de Ciencias del Derecho |9 873827 | ||
| 650 | |a Escuelas de derecho |z Chile |9 873828 | ||
| 942 | |2 ddc |c BK |n 0 | ||
| 952 | |0 0 |1 0 |2 ddc |4 0 |6 340_071183000000000_AMU_1975 |7 0 |8 C_AGB |9 585254 |a BIBDER |b BIBDER |d 2022-07-25 |e Donación |i 5653305 |o 340.071183 AMU 1975 |p 5653305 |r 2023-01-25 |t 1 |w 2022-07-25 |y BK_US |k AGB | ||